000 00485ntaaa2200181 4500
003 01
005 20251027201655.0
008 0714s1973 ag 01
040 _aAR-BaBN
_bspa
_cAR-BaBN
_eaacr
_dRIC
082 _a232.9310 M58
100 _aMiegge, Giovanni
_912341
245 _aA virgen María
250 _a1 ed.
260 _aSao Paulo :
_bCasa Editora Presbiteriana,
_c1962
300 _a233 p
500 _aLa biblioteca posee la misma obra en inglés y castellano
942 _cBK
999 _c11510
_d11510